01055cam a22002174a 45000010009000000050017000090080041000260100017000670200040000840400018001240420008001420500017001500820015001671000026001822450062002082600036002703000026003065000020003325050464003526500021008161278598820210414113934.0020523s2003 maua b 001 0 eng  a 2002071805 a0767407008 (softcover : alk. paper) aDLCcDLCdDLC apcc00aHF5387.D392 00a174/.42211 aDesJardins, Joseph R.13aAn introduction to business ethics. /cJoseph Desjardins. aNew York :bMcGraw-Hill,c2003. axix, 252 p. :c23 cm. aIncludes index. aContents: Why study ethics? -- Ethical theroy and business -- Corporate social responsibility -- The Meaning and value of work -- Moral rights in the workplace -- Employee responsibilities -- marketing ethics: Product saety and pricing -- Marketing ethics: product safety and pricing -- Marketing ethics: advertising and target marketing -- Business' environmental responsibilities -- Diversity and discrimination -- International business and globalization.  0aBusiness ethics.